00404nam a22001457a 4500003000400000005001700004008004100021020001800062040000900080082001700089100002200106245007900128260004200207300000900249OSt20200814121058.0200814b ||||| |||| 00| 0 eng d a9788173714528 coclc a547.7bKRI/C aKrishnaswamy, N R aChemistry Of Natural Products :bA Laboratory Handbook /cN R Krishnaswamy aHyderbad:bUniversities Press,c2003. a124p